Foundations of Computer Science / Fundamentals of Productive Uses of Computers (Record no. 9691)
[ view plain ]
| 000 -LEADER | |
|---|---|
| fixed length control field | 00887cam a22002054a 4500 |
| 005 - ΗΜΕΡΟΜΗΝΙΑ ΚΑΙ ΩΡΑ ΤΕΛΕΥΤΑΙΑΣ ΕΝΗΜΕΡΩΣΗΣ | |
| Πεδίο ελέγχου | 20250605164407.0 |
| 008 - FIXED-LENGTH DATA ELEMENTS--GENERAL INFORMATION | |
| Πεδίο ελέγχου σταθερού μήκους | 250528s ||||||||||||||||||||||||d |
| 035 ## - SYSTEM CONTROL NUMBER | |
| System control number | 24854 |
| 020 ## - ISBN | |
| ISBN | 9798836363796 |
| 040 ## - ΠΗΓΗ ΚΑΤΑΛΟΓΟΓΡΑΦΗΣΗΣ | |
| Φορέας πρωτότυπης καταλογογράφησης | MC Athens Campus Library |
| Γλώσσα καταλογογράφησης | Ελληνικά, Μοντέρνα (1453-) |
| Modifying agency | MC Athens Campus Library |
| Κανόνες περιγραφικής καταλογογράφησης | AACR2 |
| 245 1# - ΤΙΤΛΟΣ ΚΑΙ ΔΗΛΩΣΗ ΥΠΕΥΘΥΝΟΤΗΤΑΣ | |
| Τίτλος | Foundations of Computer Science / Fundamentals of Productive Uses of Computers |
| 250 ## - EDITION STATEMENT | |
| Edition statement | 1st |
| 300 ## - PHYSICAL DESCRIPTION | |
| Extent | 138 |
| 520 ## - SUMMARY, ETC. | |
| Summary, etc. | Production, Introduction, Programs and Production, Infrastructure, A Theory for Parts of Software Systems, Basic Compositions with Devices, Analysis of Large-Scale Software Systems, Modular Infrastructure Design, Computation, Numbers and Arithmetic, Data, Basic Control Flow, Structured Programming, Typing, Further Issues in Computation, Conclusion. |
| 700 1# - ΠΡΟΣΘΕΤΗ ΑΝΑΓΡΑΦΗ--ΦΥΣΙΚΟ ΠΡΟΣΩΠΟ | |
| Personal name | Fagereng Johansen Martin |
| 9 (RLIN) | 9594 |
| 700 1# - ΠΡΟΣΘΕΤΗ ΑΝΑΓΡΑΦΗ--ΦΥΣΙΚΟ ΠΡΟΣΩΠΟ | |
| Personal name | Martin F. Johansen |
| 9 (RLIN) | 9595 |
| 942 ## - ADDED ENTRY ELEMENTS (KOHA) | |
| Koha item type | Books |
| Τύπος τεκμηρίου | Βιβλιοθήκη | Τρέχουσα τοποθεσία | Barcode | Αριθμός εισαγωγής | Ημερομηνία απόκτησης | Ταξιθετικό σύμβολο | Αριθμός αντιτύπου | Κατάσταση απόσυρσης | Κατάσταση χαμένου | Κατάσταση κατεστραμμένου | Μη δανεισμός | Σύνολο δανεισμών | Ημερομηνία τελευταίας εμφάνισης | Η τιμή ισχύει από |
|---|---|---|---|---|---|---|---|---|---|---|---|---|---|---|
| Books | MC Athens Campus Library | MC Athens Campus Library | 9780000096906 | 7789 | 05/06/2025 | 004 FAG | 1 | 05/06/2025 | 05/06/2025 |